Azwai Ali asas al-behas al-ilmi wa qawaid (Record no. 1465785)

MARC details
000 -LEADER
fixed length control field 00288 a2200109 4500
000 - LEADER
fixed length control field nam a22 7a 4500
005 - DATE AND TIME OF LATEST TRANSACTION
control field 20251203112711.0
100 ## - MAIN ENTRY--PERSONAL NAME
Personal name Sayed Abdariba
9 (RLIN) 854014
245 ## - TITLE STATEMENT
Title Azwai Ali asas al-behas al-ilmi wa qawaid
260 ## - PUBLICATION, DISTRIBUTION, ETC.
Name of publisher, distributor, etc. Maktaba al-Anjlu Misriya
Date of publication, distribution, etc. 2005
942 ## - ADDED ENTRY ELEMENTS (KOHA)
Koha item type Textbook
Holdings
Withdrawn status Lost status Source of classification or shelving scheme Damaged status Not for loan Home library Current library Date acquired Source of acquisition Cost, normal purchase price Total Checkouts Date last seen Cost, replacement price Price effective from Koha item type
    Colon Classification (CC)     Arts Library Arts Library 2025-12-19 48 200.00   2025-12-19 250.00 2025-12-19 Textbook
Copyright @ Delhi University Library System